| 000 | 00971cam a2200265 4500 | ||
|---|---|---|---|
| 001 | 406 | ||
| 005 | 20181127161502.0 | ||
| 008 | 941013s1995 nyua 000 0aeng | ||
| 010 | _a 94041379 | ||
| 020 | _a0385473788 | ||
| 041 | 1 |
_aeng _hdut |
|
| 043 | _ae-ne--- | ||
| 100 | 1 |
_aFrank, Anne, _d1929-1945. |
|
| 245 | 1 | 4 |
_aThe diary of a young girl : _bthe definitive edition / _cAnne Frank ; edited by Otto H. Frank and Mirjam Pressler ; translated by Susan Massotty. |
| 260 |
_aNew Delhi : _bPenguin Books, _c2001. |
||
| 300 |
_a427 p. : _bill. ; _c22 cm. |
||
| 600 | 1 | 0 |
_aFrank, Anne, _d1929-1945 _xDiaries. |
| 650 | 0 |
_aHolocaust, Jewish (1939-1945) _zNetherlands _zAmsterdam _xPersonal narratives. |
|
| 650 | 0 |
_aJews _xPersecutions _zNetherlands _zAmsterdam. |
|
| 650 | 0 |
_aJews _zNetherlands _zAmsterdam _xBiography. |
|
| 651 | 0 |
_aAmsterdam (Netherlands) _xEthnic relations. |
|
| 700 | 1 |
_aFrank, Otto, _d1889-1980. |
|
| 700 | 1 | _aMassotty, Susan. | |
| 700 | 1 | _aPressler, Mirjam. | |
| 999 |
_c352 _d352 |
||